000 00686nam a2200289Ia 4500
005 20260324142558.0
008 008 260324s9999 xx 000 0 eng d
020 _a9781315287171
037 _aEBOOK
040 _aCRL
040 _beng
040 _cCRL
041 _2eng
041 _aeng
084 _qCRL
100 _aJoseph Fewsmith
_91198463
245 0 _aDilemmas of Reform in China
245 0 _bPolitical Conflict and Economic Debate
260 _bTaylor and Francis
260 _c1994
365 _a
365 _b230
856 _uhttp://www.taylorfrancis.com/books/9781315287171
942 _cEBOOK
999 _c1816817
_d1816817